01130 a2200205 45000010006000000050017000060080041000230030015000640400040000790800052001192450033001710200022002042500012002262640041002383000024002795050480003030410008007831000034007918560099008255333720260407155807.0260407a2020 arg spa dAR-UNSa-BCEJYS aAR-UNSa-BCEJYSbspacAR-UNSa-BCEJYS a336.2xIngresos públicos (Derecho tributario)10aManual de derecho tributario a978-950-20-2967-2 a5a. ed. 1aBuenos Aires :bAbeledo Perrotc2020 alx, 1084 p.c24 cm. a1. Nociones preliminares - 2. Impuestos - 3. Tasas y contribuciones especiales - 4. Derecho tributario en general.derecho tributario internacional y derecho comunitario - 5. Interpretación y eficacia de las normas tributarias - 6. Derecho tributario constitucional - 7. Derecho tribuatrio material o sustantivo - 8. Derecho tribuatario formal o administrativo - 9. Derecho tributario procesal - 10. Derecho tributario penal - 11. Noción de algunos impuestos en especial  aspa1 aGarcía Vizcaíno, Catalina41uhttps://www.biblioeco.unsa.edu.ar/pmb/images/libros/L128418.jpgyImagen de portadaqimage/jpeg